Les nouvelles de Guy de Maupassant - Statistiques

Statistiques générales
  • Ce quiz a été pris 49 fois
  • Le résultat moyen est 111 sur 293
Statistiques - réponses
Année 1er indice 2e indice Titre % Correct
1880 Gras de mouton s**f Boule de {suif}
79%
1881 Epouse f*mm* La {femme} de Paul
76%
1882 Conjointe *e**e Ma {femme}
76%
1881 Canidé ch**n Histoire d'un {chien}
74%
1881 Finit tous les jours s**r Par un {soir} de printemps
71%
1876 H2O *** Sur l'{eau}
71%
1889 Avant la nuit *oi* Un {soir}
71%
1881 Vertes années pr*nt*mps Au {printemps}
68%
1884 Une vraie noix *o*o {Coco}
68%
1881 Pas privée p*bl*q** Opinion {publique}
68%
1883 / 1884 Déballage c*nf*ss**n La {Confession}
66%
1882 Porc c*ch*o* Ce {cochon} de Morin
63%
1881 Habitation m**s*n La {Maison} Tellier
63%
1883 Epopée a*e**u*e L'{aventure} de Walter Schnaffs
63%
1880 Habitant des villes b**rg***s Les dimanches d'un {bourgeois} de Paris
63%
1886 Existance v** Ma {vie}
63%
1883 Fait sortir du lit r*v**l {Réveil}
63%
1881 Histoire de héros a*e**u*e Une {aventure} parisienne
63%
1883 Animal de manège **e*a* A {cheval}
61%
1885 Tel le roi Philippe b*l {Bel}-Ami
61%
1878 Apprécié l'été fr**s Coco, coco, coco {frais} !
61%
1882 Dément f** {Fou} ?
61%
1889 Liaison *t Hautot père {et} fils
61%
1884 Confidence *v** L'{Aveu}
61%
1883 Fin *o** Le condamné à {mort}
61%
1882 Dernier acte t*st*m*nt Le {Testament}
61%
1882 Après mademoiselle m*d*m* {Madame} Baptiste
61%
1887 Elle est servie *a*a*e {Madame} Hermet
61%
1882 Avant le mariage m*d*m**s*ll* {Mademoiselle} Fifi
61%
1882 Attraction terrestre m*gn*t*sm* {Magnétisme}
61%
1881 Monde rural c*mp*gn* Une partie de {campagne}
61%
1884 Délirant *ou Un {fou} ?
61%
1885 Quelquefois de Bassan f** Un {fou}
61%
1882 Difficile à tuer t*mps Autres {temps}
58%
1882 On le laboure **a*** Aux {champs}
58%
1882 Comédie f*rc* {Farce} normande
58%
1880 Autrefois *a*i* {Jadis}
58%
1883 Dans la dinde *a**e La {Farce}
58%
1882 / 1884 Frayeur p**r La {Peur}
58%
1883 Maison de verre s*rr* La {Serre}
58%
1884 Paternel p*r* Le crime au {père} Boniface
58%
1882 Pâtisserie *a*eau Le {Gâteau}
58%
1883 / 1887 Ubu ou Goriot p*r* Le {Père}
58%
1885 Fabricant de fils *e*e Le {Père} Mongilet
58%
1883 Minime p*t*t Le {Petit}
58%
1882 Cambrioleur v*l**r Le {Voleur}
58%
1882 Elle luit la nuit cl**r d* l*n* Clair de {lune}
55%
1883 Un + Un D**x {Deux} amis
55%
1882 / 1883 Périple v***g* En {voyage}
55%
1883 Soulier de bois s*b*t La confession de Théodule {Sabot}
55%
1882 Bise b**s*r Le {Baiser}
55%
1879 Poule ou gâteau *a*a Le {papa} de Simon
55%
1882 Pâtre b*rg*r Le saut du {berger}
55%
1883 Gestes doux c*r*ss*s Les {Caresses}
55%
1884 Agé *ieu* Le {Vieux}
55%
1887 Déplacement *oya*e Le {voyage} du Horla
55%
1883 Poule en papier c*c*tt* Mademoiselle {Cocotte}
55%
1883 Cause du chagrin r*gr*t {Regret}
55%
1882 / 1884 Image en mémoire S**v*n*r {Souvenir}
55%
1882 Fripouille b*nd*t Un {bandit} corse
55%
1882 1 000 000 m*ll**n Un {million}
55%
1882 Ancien *ieu* Un {vieux}
55%
1882 Aveux c*nf*ss**ns {Confessions} d'une femme
53%
1882 Discipline scolaire h*st**r* {Histoire} vraie
53%
1885 Père nourricier J*s*ph {Joseph}
53%
1884 Délaissé *b*nd*nn* L'{Abandonné}
53%
1883 Cordelette f*c*ll* La {Ficelle}
53%
1883 Kessel ou Staline *o*e** L'ami {Joseph}
53%
1883 Pousse sous le nez m**st*ch* La {Moustache}
53%
1884 Réunion de bijoux p*r*r* La {Parure}
53%
1882 Précieux restes r*l*qu* La {Relique}
53%
1882 Malvoyant a*eu**e L'{Aveugle}
53%
1882 Pieu l*t Le {Lit}
53%
1882 Anciennement leu l**p Le {Loup}
53%
1878 Union m*r**g* Le {mariage} du lieutenant Laré
53%
1884 Affreux h*rr*bl* L'{Horrible}
53%
1883 Verne ou Ferry J*l*s Mon oncle {Jules}
53%
1882 Mari de la tante o***e Mon {oncle} Sosthène
53%
1883 Tombe en flocons n**g* Première {neige}
53%
1882 Suit le mariage n*c* Voyage de {noce}
53%
1884 Salut final *d*** {Adieu}
50%
1886 Belle flamme a*ou* {Amour}
50%
1885 Céder v*ndr* A {vendre}
50%
1883 Est du Yémen e* {En} mer
50%
1885 Terminé *i*i {Fini}
50%
1884 Pièce de repos ch*mbr* La {chambre} 11
50%
1882 Fable l*g*nd* La {légende} du Mont-Saint-Michel
50%
1883 Souveraine *ei*e La {Reine} Hortense
50%
1883 Quintes t**x La {Toux}
50%
1884 Joie b*nh**r Le {Bonheur}
50%
1875 Médecin *ct**r Le {Docteur} Heraclius Gloss
50%
1884 Homme des tavernes *vr*gn* L'{Ivrogne}
50%
1885 24 heures j**rs Mes vingt-cinq {jours}
50%
1882 Sentiment fort a*ou* Mots d'{amour}
50%
1883 Vengeance corse v*nd*tt* Une {vendetta}
50%
1884 Mise au jour d*c**v*rt* {Découverte}
47%
1882 Bout de bois *uch* La {Buche}
47%
1882 Aliénée *o**e La {Folle}
47%
1887 Peut être noire *ui* La {Nuit}
47%
1884 Mène le groupe p*tr*nn* La {Patronne}
47%
1884 Vengeance du perdant r*v*ch* La {Revanche}
47%
1882 Soirée *ei**ee La {Veillée}
47%
1886 / 1887 Tourmenteur h*rl* Le {Horla}
47%
1889 Rencontre arrangée r*nd*z-v**s Le {Rendez-vous}
47%
1883 Objets précieux *i*ou* Les {Bijoux}
47%
1879 Aïeule **a**-*e*e Les conseils d'une {grand-mère}
47%
1884 Des mêmes parents s***rs Les {soeurs} Rondoli
47%
1884 Vilaine habitude t*c Le {Tic}
47%
1886 Chas **ou Le {Trou}
47%
1885 Courrier *e***e {Lettre} d'un fou
47%
1884 Recueilli après un départ h*r*t*g* L'{Héritage}
47%
1887 Dieu guerrier m*rs L'homme de {Mars}
47%
1890 Elle a des grains b***t* L'inutile {beauté}
47%
1883 Seul au monde *rph*l*n L'{Orphelin}
47%
1885 Frère de roi m*ns***r {Monsieur} Parent
47%
1882 Conseillère proverbiale *ui* {Nuit} de Noël
47%
1883 Nation e*a* Un coup d'{Etat}
47%
1885 Envoi postal l*ttr* Une {lettre}
47%
1882 Amour extrême *a**io* Une {passion}
47%
1882 Combine r*s* Une {ruse}
47%
1883 / 1887 Fête tardive s**r** Une {soirée}
47%
1885 Jeune soldat **eu Blanc et {Bleu}
45%
1886 Fée éprise de Peter Pan cl*ch*tt* {Clochette}
45%
1884 Poils de tête ch*v*l*r* La {Chevelure}
45%
1884 Apport d*t La {Dot}
45%
1887 Défunte *o**e La {Morte}
45%
1886 Langue morte l*t*n La question du {latin}
45%
1886 Satan d**bl* Le {Diable}
45%
1884 Suisse au Vatican g*rd* Le {Garde}
45%
1884 36-7 23 + 6 Le lit {29}
45%
1884 Belle pièce f*t Le petit {fût}
45%
1884 Défenseur pr*t*ct**r Le {Protecteur}
45%
1884 Après l'aller *e*ou* Le {Retour}
45%
1884 Officier supérieur c*l*n*l Les idées du {colonel}
45%
1884 Détenus pr*s*nn**rs Les {Prisonniers}
45%
1883 Ongles du cheval *a*o** Les {Sabots}
45%
1883 Gamine *i**e L'homme-{fille}
45%
1883 Avant Mrs en Angleterre *i** {Miss} Harriet
45%
1890 Quelle personne q** {Qui} sait ?
45%
1882 Songes *e*es {Rêves}
45%
1884 Belle fleur r*s* {Rose}
45%
1886 Félin domestique ch*ts Sur les {chats}
45%
1884 Palais de justice tr*b*n***x {Tribunaux} rustiques
45%
1883 Affrontement d**l Un {duel}
45%
1884 Transaction v*nt* Une {vente}
45%
1882 24 ou 31 r*v**ll*n Un {réveillon}
45%
1889 III à Paris *l*x*ndr* {Alexandre}
42%
1886 Sur le cerf b**s Au {bois}
42%
1884 Divine romance *d*ll* {Idylle}
42%
1885 Témérité *mpr*d*nc* {Imprudence}
42%
1886 Célébration *e*e Jour de {fête}
42%
1883 Paluche m**n La {Main}
42%
1884 Peu sociable s**v*g* La Mère {Sauvage}
42%
1883 Etres effrayants m*nstr*se La mères aux {monstres}
42%
1883 Mauvais élève a*e L'{Ane}
42%
1882 Oxydation r***ll* La {Rouille}
42%
1887 Criminel *ss*ss*n L'{Assassin}
42%
1883 On peut le gagner p**n Le {pain} maudit
42%
1883 Traître j*d*s Le Père {Judas}
42%
1889 Havre *o** Le {Port}
42%
1884 Découverte tr**v** Lettre {trouvée} sur un noyé
42%
1887 Chemineau v*g*b*nd Le {Vagabond}
42%
1886 Vigilant pr*d*nt Rosalie {Prudent}
42%
1885 Tirée d'affaire s**v** {Sauvée}
42%
1883 Manifestation *pp*r*t**n {Apparition}
39%
1886 Hue ou Dia cr* {Cri} d'alarme
39%
1875 Sans peau e*o***e La main d'{écorché}
39%
1884 Sépulture *o**e La {Tombe}
39%
1884 Balade **o*e*a*e {Promenade}
39%
1883 Canonisé *ai** {Saint}-Antoine
39%
1882 Restée seule *eu*e Une {veuve}
39%
1900 Dans le futur a**es {Après}
37%
1888 Séparation *i*o**e {Divorce}
37%
1887 Mme de Staël par exemple b*r*nn* La {Baronne}
37%
1885 Animal b*t* La {Bête} à Mait' Belhomme
37%
1886 Gite et Couvert **b*rg* L'{Auberge}
37%
1883 Fléau *a* Le {mal} d'André
37%
1887 Souverains *oi* Les {Rois}
37%
1886 Fin du couple *i*o**e Un cas de {divorce}
37%
1884 Pleutre l*ch* Un {lâche}
37%
1883 Marge *o** Au {bord} du lit
34%
1883 Orné *e*o*é {Décoré} !
34%
1886 Latin R*m**n Julie {Romain}
34%
1883 Qualité du pêcheur p*t**nc* L'ami {Patience}
34%
1877 Offreur *o**eu* Le {donneur} d'eau bénite
34%
1888 Monnaie fr*ncs Les 25 {francs} de la Supérieure
34%
1883 Il l** {Lui} ?
34%
1884 Docteurs *e*e*i** Malades et {Médecins}
34%
1883 Mère d'Oedipe j*c*st* M. {Jocaste}
34%
1883 Etonnement *u**i*s* Une {surprise}
34%
1882 Fils indigne p*rr*c*d* Un {parricide}
34%
1883 Non loin au**es {Auprès} d'un mort
32%
1882 Echange de courriers *o**e**o***a**e {Correspondance}
32%
1889 Loup m*sq** Le {Masque}
32%
1885 Fixe le chignon e*i***e L'{Epingle}
32%
1889 Examen *pr**v* L'{Epreuve}
32%
1886 Peut être du zodiaque *i**e Le {Signe}
32%
1885 Britanniques a***ai* Nos {Anglais}
32%
1884 Commis ou pigeon v***g**r Notes d'un {voyageur}
32%
1882 Liste de noms P*t*t**n {Pétition} d'un viveur malgré lui
32%
1882 Ami de Colombine *ie**o* {Pierrot}
32%
1883 Sensé s*g*e Un {sage}
32%
1884 Avis *o**ei** Vains {conseils}
32%
1882 Nativité n**l Conte de {Noël}
29%
1883 Comme folle *nr*g** {Enragée} ?
29%
1882 Travaille sur la chaise *e**ai**eu*e La {Rempailleuse}
29%
1886 Paris prolongé p*r*ss* Madame {Parisse}
29%
1885 Militaire *o**a* Petit {soldat}
29%
1884 Isolement *o*i*u*e {Solitude}
29%
1885 Antoine étêté t**n* {Toine}
29%
1882 Garçon *i** Un {fils}
29%
1882 Machins o**e** Vieux {objets}
29%
1884 Mère de Charlemagne **rth* {Berthe}
26%
1883 Sac renversé *a* Le {cas} de Mme Luneau
26%
1883 Grande aventure *d*ss** L'{Odyssée} d'une fille
26%
1888 Missives *e***es Nos {lettres}
26%
1882 Prendre du plaisir *i*e Conflits pour {rire}
24%
1887 Huis *ort* La {Porte}
24%
1882 Pierre *o**e La {Roche} aux Guillemots
24%
1884 Hère g***x Le {Gueux}
24%
1882 / 1883 Jeune e**a** L'{Enfant}
24%
1884 Mistinguett décapitée M*st* {Misti}
24%
1881 Foyer *a*i**e En {famille}
21%
1890 Arbres de la paix o*i*ie** Le champ d'{oliviers}
21%
1883 Suppléant *e***a*a** Le {Remplaçant}
21%
1888 Invalide i**i**e L'{Infirme}
21%
1886 Parenté *a*i**e Une {famille}
21%
1882 Rouennais ou Caennais *o**a** Un {Normand}
21%
1887 Arrivent le premier *tr*nn*s {Etrennes}
18%
1881 Exploitation *e**e Histoire d'une fille de {ferme}
18%
1883 Aubry ou Carol *a**i*e La {Martine}
18%
1885 Pas bien élevée *e*i*e La {petite} Roque
18%
1887 Habite le clapier *a*i* Le {Lapin}
18%
1882 Danse ancienne *e*ue* {Menuet}
18%
1880 Hara-kiri *ui*i*e* {Suicides}
18%
1882 Cuisinier de navire *o** Un {coq} chanta
18%
1882 Département devenu singulier *v*l*n* {Yveline} Samoris
18%
1883 Papin ou Diderot *e*i* {Denis}
16%
1884 Verre à bière *o** Garçon, un {bock} !...
16%
1884 Quelquefois bulgare p*r*pl*** Le {Parapluie}
16%
1887 Arbuste à épines *o*ie* Le {rosier} de Madame Husson
16%
1885 X i**o**ue L'{Inconnue}
16%
1883 Au Mali *o**ou**ou {Tombouctou}
16%
1880 Remplie, elle n'est plus vierge *a*e Une {page} d'histoire inédite
16%
1887 Jase *au*e Comment on {cause}
13%
1882 Godiche *e*a**e La {Bécasse}
13%
1884 Reçoit le beau linge a**oi*e L'{Armoire}
13%
1893 Marchand ambulant *o**ort**r Le {Colporteur}
13%
1886 Métayer *e**ie* Le {Fermier}
13%
1883 Temps de pause a**e**e L'{Attente}
11%
1889 Flatteuse *nd*rm**s* L'{Endormeuse}
11%
1886 Restes en mer e*a*e L'{Epave}
11%
1885 Echassiers *e*a**e* Les {Bécasses}
11%
1882 Targette v*rr** Le {Verrou}
11%
1882 Il y a du Maroc et du Canada mais pas seulement m*rr*c* {Marroca}
11%
1884 Prophète *o*a**e* {Mohammed}-Fripouille
11%
1890 Tâche en gaze m**ch* {Mouche}
11%
1885 Revers e**e* Un {échec}
11%
1884 Horner ou Roudy y*e**e {Yvette}
11%
1884 Don *e** Le {Legs}
8%
1888 Mis en Seine n*** Le {Noyé}
8%
1891 Visibles au cimetière *o**a*e* Les {Tombales}
8%
1889 Bout de demoiselle en boite b**t*ll* {Boitelle}
5%
1885 Organisation nationaliste *r* Ca {ira}
5%
1883 Modeste *u***e {Humble} drame
5%
1885 Communication d'un secret *o**i*e**e La {Confidence}
5%
1884 Là a fini Jehanne *u**e* Le {Bucher}
5%
1883 Exemple *o*e*e Le {Modèle}
5%
1886 Solitaire e**i*e L'{Ermite}
5%
1882 / 1884 Contact *e**o***e {Rencontre}
5%
1886 On l'espère bonne *a**e Voyage de {santé}
5%
1884 Biologiste prénommé Alain *o**a** {Bombard}
3%
1884 Cadre de lit amputé **a*i {Châli}
3%
1881 Belle île *o**e Histoire {corse}
3%
1883 Homme fort de Crotone m*l*n Le Père {Milon}
3%
1887 Assiste un officier o**o**a**e L'{Ordonnance}
3%
1886 Indulgente *u*ai*e Misère {humaine}
3%
1882 Ruse r***r** {Rouerie}
3%
1888 Parfois chinois *rtr**t Un {portrait}
3%
1889 Illumina parasité a**ou*a {Allouma}
0%
1887 Fleur, chinois ? d*ch**x {Duchoux}
0%
1885 Elément de rame *a*o* En {wagon}
0%
1881 Matures mortes e*a*e* {Epaves}
0%
1883 Baie domestique *e*e**e La {Fenêtre}
0%
1884 / 1885 Initiation *a**e*e Le {Baptême}
0%
1886 Gardien des marches *a*ia*e Le {marquis} de Fumerol
0%
1885 Mène à la fin m***n Le {moyen} de Roger
0%
1882 Fête bretonne *rd*n Le {Pardon}
0%
1888 Ont de petite têtes e*i***e* Les {Epingles}
0%
1883 Accrocheur *e**eu* Le {Vengeur}
0%
1886 Fine ou de culture *a*e*oi*e**e Mademoiselle {Perle}
0%
1887 A peu près, casque espagnol m**r*n {Moiron}
0%
1882 Pièce sombre **a*ep Un {drame} vrai
0%
Aucun quiz correspondant
Distribution des résultats
% des personnes avec chaque résultat
Percentile par nombre de réponses
Votre historique - résultats
Vous n’avez pas pris ce quiz